| 000 | 00807nam a2200265Ia 4500 | ||
|---|---|---|---|
| 001 | Para_8243 | ||
| 003 | CHAP | ||
| 008 | 220125s9999 xx 000 0 und d | ||
| 010 | _a207155 | ||
| 040 | _cCHAP | ||
| 082 | _aPA-C 595.752 A6 | ||
| 100 |
_aWilson, H. F. _9165346 |
||
| 245 |
_aNotes on lachnus caryae, Harris, under a new name / _c by H.F. Wilson |
||
| 300 | _a3 p. | ||
| 440 |
_aAphidae; 6 _9173605 |
||
| 500 | _aSobretiro de: The Canadian Entomologist. Nov.: 385-387, 1909. Encuadernado con otros impresos similares | ||
| 650 |
_a _x Afididos _x Colecciones de escritos _x Longistigma _9173642 |
||
| 901 | _aPA-C 595.752 A6 | ||
| 902 | _aA | ||
| 905 | _a000000 0000000000 00 | ||
| 910 | _a | ||
| 942 | _cPARA | ||
| 942 |
_cPARA _d1 |
||
| 999 |
_c207155 _d207155 |
||